Statistics for Alliteration by Letter - B

Click here to take the quiz!

General Stats

  • This quiz has been taken 31,305 times
    (20,094 since last reset)
  • The average score is 13 of 22

Answer Stats

ClueAnswer% Correct
Beginning of the universeBig Bang
97%
Palace of Westminster clock towerBig Ben
94%
Large yellow "Sesame Street" characterBig Bird
86%
U.S. generation born 1946-1964Baby Boom
84%
"What's up, doc?"Bugs Bunny
83%
Flight data recorderBlack Box
78%
He stole Gollum's ringBilbo Baggins
74%
Alter ego of the Incredible HulkBruce Banner
68%
Movie preceding "The Dark Knight"Batman Begins
67%
SpongeBob's hometownBikini Bottom
67%
Common piece of lab equipmentBunsen Burner
66%
Dan Aykroyd and John BelushiBlues Brothers
61%
"1984" antagonistBig Brother
60%
Collectable stuffed animals
made by Ty, Inc
Beanie Babies
59%
Yogi Bear's palBoo Boo
52%
Swede who won 5 straight WimbledonsBjörn Borg
48%
Rear component of the stovetopBack Burner
46%
Western showman William CodyBuffalo Bill
42%
Boston food specialityBaked Beans
32%
Career home run leaderBarry Bonds
28%
"Pet Sounds"Beach Boys
26%
"Won't you come home?"Bill Bailey
22%

Score Distribution

Percentile by Number Answered

Percent of People with Each Score

Your Score History

You have not taken this quiz since the last reset